000 00817nam a2200301 a 4500
003 AR-BaBNM
005 20251128202821.0
008 082120s2002 ||||||||||||||000 | spa||
040 _cAR-BaBNM
100 1 _aHornsby, Jessie L.
245 0 0 _aGeorges Bernanos
260 _aBuenos Aires
_bColumba
_c1965
300 _a102 p.
_bil.
490 0 _aHombres inquietos
_vv. 10
500 _aContiene referencias bibliográficas en p. 101
650 4 _aBIOGRAFIAS
650 4 _aVIDA LITERARIA
650 4 _aMETAFISICA
650 4 _aCRISTIANISMO
650 4 _aCRITICA LITERARIA
650 4 _aLITERATURA FRANCESA
650 4 _aLITERATURA CONTEMPORANEA
655 _aBIOGRAFIAS
700 1 _aDifrieri, Horacio A.
_etraductor
800 1 _aSciacca, Michele Federico
_edirector
942 _cBK
998 _cMARTIN
999 _c716
_d716